First names of politicians - Statistics

General Stats
  • This quiz has been taken 115 times
    110 since last reset
  • The average score is 37 of 59
Answer Stats
Country Last name First name % Correct
USA Lincoln Abraham
100%
USA Trump Donald
100%
USA Washington George
99%
UK Churchill Winston
99%
UK Thatcher Margaret
98%
Germany Hitler Adolf
97%
USA Schwarzenegger Arnold
97%
USA Jefferson Thomas
97%
USA Obama Barack
96%
Germany Merkel Angela
94%
Russia Putin Vladimir
93%
USA Truman Harry
91%
USA Eastwood Clint
90%
USSR Stalin Joseph
90%
Cuba Castro ( Older brother ) Fidel
89%
South Africa Mandela Nelson
88%
North Korea Jong-un Kim
85%
China Zedong Mao
85%
UK May Theresa
84%
Iraq Hussein Saddam
83%
Canada Trudeau ( son ) Justin
81%
Italy Mussolini Benito
80%
Israel Netanyahu Benjamin
80%
Vietnam Chi-Minh Ho
79%
France de Gaulle Charles
77%
Belgium Michel Charles
77%
UK Johnson Boris
76%
Cambodia Pot Pol
76%
USA Sanders Bernie
74%
China Jinping Xi
73%
Venezuela Bolivar Simon
71%
France Macron Emmanuel
67%
Spain Franco Francisco
63%
Cuba Castro ( Younger brother ) Raul
63%
USSR Trotsky Leon
62%
UK Chamberlain Neville
60%
Zimbabwe Mugabe Robert
60%
Japan Abe Shinzo
53%
Germany Kohl Helmut
52%
USSR Gorbachev Mikhail
50%
Mongolia Khan Genghis
49%
Canada Trudeau ( father ) Pierre
49%
Syria Assad Bashar
41%
Libya Gaddafi Muammar
39%
India Modi Narendra
32%
New Zealand Ardern Jacinda
31%
Netherlands Rutte Mark
30%
Turkey Erdogan Recep
30%
Belarus Lukashenko Alexander
29%
Australia Turnbull Malcolm
29%
Italy Renzi Matteo
23%
Italy Conte Giuseppe
18%
Austria Kurz Sebastian
18%
Cuba Batista Fulgencio
16%
Brazil Temer Michel
16%
Spain Rajoy Mariano
12%
Sweden Lofven Stefan
12%
Norway Solberg Erna
7%
Canada Ford Doug
5%
No matching quizzes found
Score Distribution
Percent of People with Each Score
Percentile by Number Answered
Your Score History
You have not taken this quiz since the last reset